| 000 | 01113nam a2200265Ia 4500 | ||
|---|---|---|---|
| 999 |
_c37652 _d37652 |
||
| 001 | 3624 | ||
| 003 | GE_BSU | ||
| 005 | 20190531195045.0 | ||
| 008 | 181216s1982|||| |||||||||||||| ||geo|| | ||
| 040 | _cGE_BSU | ||
| 041 | _ageo | ||
| 080 | _a502.65(075.8) ე–75 | ||
| 100 |
_aერისთავი, ვ. _91833 |
||
| 245 |
_aწყლის რესურსების დაცვა : დამხმ. სახელმძღვ. / _cვ. ერისთავი ; ლ. არხიპოვა ; ა. დანელია ; რედ : ე.გიორგაძე. |
||
| 264 |
_aთბილისი : _bსპი, _c1982. |
||
| 300 |
_a81 გვ.: _c20 სმ. |
||
| 504 | _aბიბლიოგრ.:გვ.79. | ||
| 653 | _aწყლის რესურსების დაცვა | ||
| 653 | _aბუნება | ||
| 653 | _aბუნების შესწავლა | ||
| 700 |
_aარხიპოვა, ლ _91650 |
||
| 700 |
_a დანელია,ა _91934 |
||
| 700 |
_aგიორგაძე, ე _eრედაქტორი _9398 |
||
| 942 |
_cBK _2udc |
||